Statistics for Countries that Visit the United States the Most

Click here to take the quiz!

General Stats

  • This quiz has been taken 20,399 times
    (20,307 since last reset)
  • The average score is 15 of 18

Answer Stats

# Visitors Country % Correct
19.2 mMexico
99%
11.7 mCanada
98%
4.69 mUnited Kingdom
97%
2.31 mChina
97%
1.92 mFrance
97%
3.75 mJapan
95%
2.21 mGermany
95%
0.954 mSpain
93%
2.38 mBrazil
92%
1.23 mItaly
89%
1.40 mAustralia
87%
1.18 mIndia
82%
0.766 mArgentina
76%
1.74 mSouth Korea
71%
0.928 mColombia
64%
0.682 mSweden
60%
0.749 mNetherlands
57%
0.745 mVenezuela
47%

Score Distribution

Percentile by Number Answered

Percent of People with Each Score

Your Score History

You have not taken this quiz since the last reset